| 000 | 00356 a2200157 4500 | ||
|---|---|---|---|
| 001 | 154011 | ||
| 040 | _cEscola São Tomás de Aquino | ||
| 100 | _aHERR, Nicole | ||
| 240 | 1 | 0 |
_aAprendendo a ler com jornal _lpor |
| 245 | 1 | 0 | _aAprendendo a ler com jornal |
| 300 | _a159 | ||
| 362 | 0 | _a1997 | |
| 440 | 1 | _aDimensão | |
| 697 | _aEducação | ||
| 942 | _cBK | ||
| 999 |
_c154011 _d154011 |
||